000 00791nam a2200181Ia 4500
008 090630s9999 xx 000 0 und d
082 _b21089
100 _aपुंडलिक शास्त्री.
245 _aशनीची साडेसाती निवारण व उपाय.
_cपुंडलिक शास्त्री.
260 _bअनिकेत - पुणे.
_c2000
300 _a32
600 _aपुंडलिक शास्त्री.
630 _aशनीची साडेसाती निवारण व उपाय.
655 _aधार्मिक.
700 _aपुंडलिक शास्त्री.
730 _aशनीची साडेसाती निवारण व उपाय.
942 _cBOOK
999 _c272945
_d272945